| 000 | 00630cas a2200205 a 4500 | ||
|---|---|---|---|
| 999 |
_c20178 _d20178 |
||
| 005 | 20180511113314.0 | ||
| 008 | 020222c199u9999fr qr p 0 a0fre d | ||
| 022 | _a1167-4806 | ||
| 040 |
_aYKM _cYKM _dOCLCQ _dUkOxU _dCO-BoIAVH |
||
| 041 | 0 | _afre | |
| 044 | _afr | ||
| 090 | _aSE- | ||
| 245 | 1 | 3 | _aLa revue. |
| 246 | 1 | 3 |
_aMusée des arts et métiers _b la revue |
| 260 |
_aParis (Francia) : _bMusée des arts et métiers, _c[s.f.].. |
||
| 300 |
_bilustraciones a color ; _c28 cm. |
||
| 650 | 2 | 6 |
_aMuseos _zFrancia _vPublicaciones periódicas |
| 710 | 2 | _aMusée des arts et métiers (Francia) | |
| 942 |
_2z _cREVISTA |
||